000 00326nam a2200133Ia 4500
008 240624s9999 xx 000 0 und d
041 _aeng
082 _a823 KHE
100 _aKHER ANUPAM
245 _aBEST THING ABOUT YOU IS YOU
260 _c2012
_aAustralia
_bHay House India
300 _a228p. ; 18cm.
365 _cRS
_b25
999 _c19848
_d19848